Państwa Afryki bez dostępu do morza/oceanu - Nagła śmierć - Statystyki

Ogólne statystyki
  • Ten quiz został rozwiązany 45 razy
  • Średni wynik to 10 z 16
Answers on the Grid
Answers color-coded by a green-red scale on the quiz's grid according to % correct below.
Republika Środkowoafrykańska
Algieria
Malawi
Czad
Kenia
Mozambik
Gwinea Równikowa
Burundi
Sudan Południowy
Erytrea
Etiopia
Gambia
Burkina Faso
Uganda
Sudan
Somalia
Zambia
Botswana
Togo
Wybrzeże Kości Słoniowej
Mauretania
Rwanda
Lesotho
Demokratyczna Republika Konga
Kongo
Ghana
Tunezja
Eswatini
Gwinea
Tanzania
Zimbabwe
Madagaskar
Nigeria
Mali
Maroko
Liberia
Republika Południowej Afryki
Niger
Kamerun
Namibia
 
Statystyki odpowiedzi
Odpowiedź % Poprawnych
Republika Środkowoafrykańska
93%
Czad
86%
Sudan Południowy
79%
Malawi
75%
Burundi
71%
Burkina Faso
68%
Uganda
68%
Etiopia
64%
Botswana
61%
Zambia
61%
Lesotho
57%
Rwanda
54%
Niger
46%
Zimbabwe
46%
Eswatini
43%
Mali
39%
Nie znaleziono quizów pasujących do podanych kryteriów
Rozkład punktacji
Procent ludzi z każdym wynikiem
Percentyl według liczby udzielonych odpowiedzi
Twoja historia wyników
Nie rozwiązałeś tego quizu